| 000 | 00590nam a2200241 i 4500 | ||
|---|---|---|---|
| 001 | C2-0278954 | ||
| 003 | PPAK | ||
| 005 | 20180728010350.0 | ||
| 008 | 070412s2006 enk |||| ||||| | eng d | ||
| 020 | _a1841494135 | ||
| 040 |
_aPPAK _beng _cPPAK _erda |
||
| 082 | 0 | 4 |
_a823 _223 |
| 090 | 0 | 0 |
_a823 _bCAR _dG |
| 100 | 1 |
_aCarey, Mike, _eauthor |
|
| 245 | 1 | 4 | _aThe devil you know |
| 264 | 1 |
_aLondon : _bOrbit , _c2006 |
|
| 300 | _c18 cm | ||
| 336 |
_2rdacontent _atext |
||
| 337 |
_2rdamedia _aunmediated |
||
| 338 |
_2rdacarrier _avolume |
||
| 650 | 1 | 0 | _aEnglish fiction. |
| 942 |
_ddc _cB |
||
| 999 |
_c85734 _d85734 |
||